Personal and social factors affecting achievement in a pluralistic society /
محفوظ في:
| المؤلف الرئيسي: | |
|---|---|
| التنسيق: | أطروحة كتاب |
| اللغة: | English |
| منشور في: |
Chicago,
1972.
|
| الموضوعات: | |
| الوسوم: |
إضافة وسم
لا توجد وسوم, كن أول من يضع وسما على هذه التسجيلة!
|
| LEADER | 00830cam a2200253 a 4500 | ||
|---|---|---|---|
| 001 | u149145 | ||
| 003 | SIRSI | ||
| 008 | 920325s1972 us v 00 1 eng | ||
| 035 | |a AAR-5016 | ||
| 040 | |a UMM | ||
| 050 | 0 | 0 | |a LC203 |
| 090 | |a LC203 |b Pol |d Closed stacks | ||
| 100 | 1 | 0 | |a Pollard, Diane Stewart. |
| 245 | 1 | 0 | |a Personal and social factors affecting achievement in a pluralistic society / |c Diane Stewart Pollard. |
| 260 | |a Chicago, |c 1972. | ||
| 300 | |a v, 183 leaves ; |c 22cm. | ||
| 502 | |a Thesis (Ph.D.) -- University of Chicago, 1972. | ||
| 504 | |a Bibliography: leaves 117-126. | ||
| 650 | 0 | |a Educational sociology. | |
| 650 | 0 | |a Social status. | |
| 650 | 0 | |a Academic achievement. | |
| 948 | |a 25/03/1992 |b 13/08/2002 | ||
| 596 | |a 1 | ||
| 999 | |a LC203 POL |w LC |c 1 |i A002701062 |d 17/10/2000 |l STACKS |m P01UTAMA |n 1 |r Y |s Y |t TESIS |u 25/3/1992 | ||
